Statistics for 15 Largest Cities in Ecuador🇪🇨

Click here to take the quiz!

General Stats

  • This quiz has been taken 11 times
  • The average score is 8 of 15

Answer Stats

PopulationCity% Correct
1.9 milGuayaquil
100%
1.3 milQuito
100%
276kCuenca
80%
183kManta
80%
198kMachala
60%
154kAmbato
50%
165kEsmeraldas
50%
124kRiobamba
50%
200kSanto Domingo de los Colorados
50%
132kIbarra
40%
170kPortoviejo
40%
133kMilagro
30%
119kQuevedo
30%
167kEloy Alfaro
10%
140kTutamandahostel
10%

Score Distribution

Percentile by Number Answered

Percent of People with Each Score

Your Score History

You have not taken this quiz